[Event "45th POL-ch"]
[Site "Lublin POL"]
[Date "1988.??.??"]
[Round "13"]
[White "Kuczynski, Robert"]
[Black "Sznapik, Aleksander"]
[Result "1/2-1/2"]
[WhiteElo "2485"]
[BlackElo "2480"]
[EventDate "1988.02.27"]
[PlyCount "86"]

1.e4 d6 2.d4 Nf6 3.Nc3 g6 4.Nf3 Bg7 5.h3 O-O 6.Be3 c6 7.a4 a5 8.Be2 Na6 9.
O-O Nb4 10.Nd2 e5 11.Nc4 Be6 12.dxe5 dxe5 13.Qxd8 Rfxd8 14.Rac1 Nd7 15.Nb1
Bf8 16.c3 Na6 17.Nxa5 Nac5 18.b4 Rdb8 19.Rfd1 Nxa4 20.Bc4 Ndc5 21.Bxe6 
Nxe6 22.Nc4 f6 23.Rd7 b5 24.Na5 Rc8 25.Nb3 Nb2 26.N1d2 Rd8 27.Rxd8 Rxd8 
28.Na5 Rc8 29.Ndb3 f5 30.exf5 gxf5 31.f3 c5 32.bxc5 Nxc5 33.Nxc5 Bxc5 34.
Bxc5 Rxc5 35.Nb7 Rd5 36.Rc2 Nc4 37.Kf2 Kf7 38.Ke2 h5 39.Ra2 f4 40.Na5 Ne3 
41.g4 Kg6 42.Nb3 Nc4 43.Nd2 hxg4 1/2-1/2

[Event "45th POL-ch"]
[Site "Lublin POL"]
[Date "1988.??.??"]
[Round "13"]
[White "Matlak, Marek"]
[Black "Twardon, Marian"]
[Result "1/2-1/2"]
[WhiteElo "2410"]
[BlackElo "2350"]
[EventDate "1988.02.27"]
[PlyCount "35"]

1.d4 d5 2.Nf3 Nf6 3.c4 dxc4 4.e3 e6 5.Bxc4 c5 6.O-O a6 7.dxc5 Bxc5 8.Qxd8+
Kxd8 9.a3 Ke7 10.b4 Bd6 11.Bb2 b5 12.Be2 Bb7 13.Nbd2 Nbd7 14.Nb3 Rhc8 15.
Rfc1 Bd5 16.Na5 e5 17.Kf1 h6 18.Ke1 1/2-1/2

[Event "45th POL-ch"]
[Site "Lublin POL"]
[Date "1988.??.??"]
[Round "13"]
[White "Panczyk, Krzysztof"]
[Black "Schmidt, Wlodzimierz"]
[Result "1/2-1/2"]
[WhiteElo "2435"]
[BlackElo "2440"]
[EventDate "1988.02.27"]
[PlyCount "42"]

1.d4 Nf6 2.c4 g6 3.Nc3 d5 4.Bg5 Ne4 5.Bh4 c5 6.cxd5 Nxc3 7.bxc3 Qxd5 8.e3 
cxd4 9.Qxd4 Qxd4 10.cxd4 e6 11.Rb1 Be7 12.Bb5+ Bd7 13.Nf3 Bxb5 14.Rxb5 
Bxh4 15.Nxh4 b6 16.Kd2 Nc6 17.Rc1 Rc8 18.Nf3 O-O 19.Rb3 Ne7 20.Rbc3 Rxc3 
21.Rxc3 Rc8 1/2-1/2

[Event "45th POL-ch"]
[Site "Lublin POL"]
[Date "1988.??.??"]
[Round "13"]
[White "Staniszewski, Piotr"]
[Black "Hawelko, Marek"]
[Result "1/2-1/2"]
[WhiteElo "2440"]
[BlackElo "2385"]
[EventDate "1988.02.27"]
[PlyCount "171"]

1.Nf3 Nf6 2.d4 e6 3.Bg5 h6 4.Bxf6 Qxf6 5.Nc3 d5 6.e4 Bb4 7.Bd3 dxe4 8.Bxe4
O-O 9.O-O Nd7 10.a3 Bxc3 11.bxc3 Rb8 12.Qe2 b6 13.Bc6 Rd8 14.Qe4 Qe7 15.
Rfe1 Qd6 16.Qh4 Nf8 17.Ne5 f6 18.Bf3 Bb7 19.Bxb7 Rxb7 20.Nf3 Qd5 21.Re3 c5
22.Rae1 Rbd7 23.Re4 Qf5 24.Qg3 Kh8 25.h3 Qh7 26.a4 cxd4 27.cxd4 Rc8 28.Kh2
Rxc2 29.R1e2 Rxe2 30.Rxe2 Qd3 31.Re3 Qc4 32.Qf4 Kg8 33.a5 bxa5 34.Qb8 Qb4 
35.Qc8 Qd6+ 36.g3 Qd5 37.Rc3 Rd6 38.Kg2 a4 39.Rc5 Qe4 40.Qe8 Qg6 41.Qxa4 
Qf7 42.Rc8 Qe7 43.Ra8 Rd7 44.Nh4 Qd6 45.Rxa7 Qxd4 46.Qxd4 Rxd4 47.Nf3 Rd7 
48.Ra8 g5 49.Ra4 h5 50.Ra5 Kf7 51.Nh2 Rd5 52.Ra7+ Rd7 53.Ra5 Rd5 54.Ra7+ 
Kg6 55.Nf1 Nd7 56.Ne3 Rd4 57.f4 gxf4 58.gxf4 Nb6 59.f5+ exf5 60.Rg7+ Kxg7 
61.Nxf5+ Kg6 62.Nxd4 Kg5 63.Kg3 Nd5 64.Ne6+ Kf5 65.Ng7+ Kg6 66.Ne6 f5 67.
h4 Kf6 68.Nc5 Nc7 69.Kf3 Nd5 70.Nd3 Ke6 71.Kg3 Kf6 72.Kf3 Kg7 73.Kg3 Ne7 
74.Nf4 Kh6 75.Kf3 Ng6 76.Kg3 Ne5 77.Kg2 Nd7 78.Kg3 Nf6 79.Kf3 Nd7 80.Kg3 
Ne5 81.Kg2 Ng4 82.Kg3 Nf6 83.Kf3 Kg7 84.Ke3 Kh6 85.Kf3 Ne8 86.Ke3 1/2-1/2

[Event "45th POL-ch"]
[Site "Lublin POL"]
[Date "1988.??.??"]
[Round "13"]
[White "Szopka, Dariusz"]
[Black "Czerwonski, Aleksander"]
[Result "0-1"]
[WhiteElo "2295"]
[BlackElo "2335"]
[EventDate "1988.02.27"]
[PlyCount "76"]

1.e4 c6 2.d4 d5 3.e5 Bf5 4.Nc3 e6 5.g4 Bg6 6.Nge2 f6 7.Nf4 Bf7 8.exf6 gxf6
9.Qe2 Qe7 10.Nd3 Nd7 11.f4 O-O-O 12.Bd2 Bg7 13.O-O-O h5 14.Re1 hxg4 15.
Qxg4 Nh6 16.Qh4 Nf5 17.Qf2 Rh4 18.Rg1 Rdh8 19.h3 Bf8 20.Kb1 Qd8 21.Na4 Qc7
22.Rg4 R4h7 23.a3 Nd6 24.Bb4 Ne4 25.Qe3 Bh6 26.Rg1 a5 27.Bc3 Nxc3+ 28.Nxc3
e5 29.dxe5 fxe5 30.Nxe5 Nxe5 31.Qxe5 Bxf4 32.Qd4 Kb8 33.Bd3 Rxh3 34.Rg7 
Rh1 35.Rxh1 Rxh1+ 36.Ka2 Be5 37.Rxf7 Bxd4 38.Rxc7 Kxc7 
    {T}
0-1

[Event "45th POL-ch"]
[Site "Lublin POL"]
[Date "1988.??.??"]
[Round "13"]
[White "Tomaszewski, Roman"]
[Black "Kujawski, Adam"]
[Result "1/2-1/2"]
[WhiteElo "2370"]
[BlackElo "2345"]
[EventDate "1988.02.27"]
[PlyCount "36"]

1.d4 Nf6 2.Nf3 c5 3.c4 cxd4 4.Nxd4 e5 5.Nb5 d5 6.cxd5 Bc5 7.N5c3 O-O 8.h3 
e4 9.g4 Qe7 10.Bg2 e3 11.Bxe3 Bxe3 12.fxe3 Qxe3 13.Bf3 Re8 14.Nd2 Na6 15.
Kf1 h5 16.g5 Qxg5 17.Nde4 Nxe4 18.Nxe4 Qh4 1/2-1/2

[Event "45th POL-ch"]
[Site "Lublin POL"]
[Date "1988.??.??"]
[Round "14"]
[White "Bany, Jerzy"]
[Black "Szopka, Dariusz"]
[Result "1-0"]
[WhiteElo "2450"]
[BlackElo "2295"]
[EventDate "1988.02.27"]
[PlyCount "91"]

1.d4 g6 2.c4 Bg7 3.Nc3 d6 4.Nf3 Nc6 5.d5 Nb8 6.g3 Nf6 7.Bg2 O-O 8.O-O Nbd7
9.h3 Nc5 10.Nd4 a5 11.Be3 Bd7 12.Qd2 Re8 13.Rad1 Qc8 14.Kh2 c6 15.Bg5 Qc7 
16.e4 Rac8 17.Rfe1 a4 18.Bf4 Nh5 19.Be3 Qa5 20.Nde2 Ra8 21.Rc1 Qb4 22.Bf1 
Nf6 23.Nd4 e5 24.dxe6 Nxe6 25.a3 Nxd4 26.Bxd4 Qb3 27.Re3 c5 28.Bxf6 Bxf6 
29.Rd3 Bxc3 30.Rcxc3 Qa2 31.Rxd6 Bc6 32.f3 Kg7 33.Bg2 Qb1 34.Rc1 Qa2 35.
Rd3 Rac8 36.h4 h5 37.Qc3+ Kg8 38.Rcd1 b5 39.Bh3 Rc7 40.cxb5 Bxb5 41.Rd8 
Re7 42.Qxc5 Qxb2+ 43.R1d2 Re5 44.Rxe8+ Bxe8 45.Rxb2 Rxc5 46.Rb8 1-0

[Event "45th POL-ch"]
[Site "Lublin POL"]
[Date "1988.??.??"]
[Round "14"]
[White "Hawelko, Marek"]
[Black "Matlak, Marek"]
[Result "1/2-1/2"]
[WhiteElo "2385"]
[BlackElo "2410"]
[EventDate "1988.02.27"]
[PlyCount "88"]

1.e4 Nf6 2.e5 Nd5 3.d4 d6 4.Nf3 Bg4 5.Be2 c6 6.c4 Nb6 7.Nbd2 dxe5 8.Nxe5 
Bf5 9.Qb3 Be6 10.Qc3 N8d7 11.O-O f6 12.Nd3 Bf7 13.Nf4 e5 14.dxe5 Nxe5 15.
b3 Be7 16.Nf3 Nxf3+ 17.Qxf3 O-O 18.Qh3 Re8 19.Bg4 Bd6 20.Be3 Qe7 21.Nd3 c5
22.Rad1 Rad8 23.Bf3 Qc7 24.g3 Nd7 25.Qg2 b6 26.Nf4 Bxf4 27.Bxf4 Ne5 28.Bd5
Kf8 29.Bxf7 Qxf7 30.Rxd8 Rxd8 31.Bxe5 fxe5 32.Qe4 Qh5 33.Re1 h6 34.Kg2 Kg8
35.Re3 Qg5 36.h4 Qe7 37.Qg6 Qf6 38.Qe4 Qe7 39.Rf3 Rd4 40.Qa8+ Rd8 41.Qe4 
Rd4 42.Qf5 e4 43.Rf4 e3 44.fxe3 Qxe3 1/2-1/2

[Event "45th POL-ch"]
[Site "Lublin POL"]
[Date "1988.??.??"]
[Round "14"]
[White "Kuczynski, Robert"]
[Black "Panczyk, Krzysztof"]
[Result "1-0"]
[WhiteElo "2485"]
[BlackElo "2435"]
[EventDate "1988.02.27"]
[PlyCount "121"]

1.e4 e5 2.Nf3 Nc6 3.Bc4 Nf6 4.d3 Bc5 5.O-O d6 6.c3 a6 7.Nbd2 O-O 8.a4 Ba7 
9.Bb3 Ne7 10.Nc4 Ng6 11.Be3 Kh8 12.h3 Bd7 13.Bxa7 Rxa7 14.Re1 Ra8 15.d4 
Qe7 16.Ne3 Rae8 17.Nf5 Qd8 18.Ng3 h6 19.Bc4 Bc6 20.Qb3 Nxe4 21.Nxe4 d5 22.
Bd3 dxe4 23.Bxe4 Bxe4 24.Rxe4 exd4 25.Rxd4 Qc8 26.Rad1 Re7 27.Qc4 Rfe8 28.
Qd3 c5 29.Rd8 Rxd8 30.Qxd8+ Qxd8 31.Rxd8+ Kh7 32.Kf1 Nf4 33.a5 c4 34.Rd4 
Nd3 35.b4 Nb2 36.g3 Rc7 37.Ke2 Re7+ 38.Kf1 Rc7 39.Nd2 Na4 40.Rxc4 Rxc4 41.
Nxc4 Nxc3 42.Nd6 Nd5 43.Nxf7 Nxb4 44.Nd6 Kg6 45.Ke2 Kf6 46.f4 Ke6 47.Nxb7 
Kd5 48.Ke3 Nc2+ 49.Kf3 Nd4+ 50.Kg4 Kc6 51.Nd8+ Kb5 52.f5 Kxa5 53.Ne6 Nc6 
54.Nxg7 Ne5+ 55.Kf4 Nf7 56.g4 Kb4 57.h4 a5 58.g5 hxg5+ 59.hxg5 a4 60.g6 
Ne5 61.Ne6 1-0

[Event "45th POL-ch"]
[Site "Lublin POL"]
[Date "1988.??.??"]
[Round "14"]
[White "Kujawski, Adam"]
[Black "Borkowski, Franciszek"]
[Result "0-1"]
[WhiteElo "2345"]
[BlackElo "2415"]
[EventDate "1988.02.27"]
[PlyCount "80"]

1.e4 d6 2.d4 Nf6 3.Nc3 g6 4.Nf3 Bg7 5.Bc4 O-O 6.Bb3 Nc6 7.h3 Na5 8.O-O c6 
9.Bf4 d5 10.exd5 cxd5 11.Be5 Ne4 12.Nxe4 dxe4 13.Bxg7 Kxg7 14.Ne5 b5 15.c3
Nxb3 16.axb3 Bb7 17.Qe2 a6 18.Ng4 h5 19.Nh2 Qd5 20.f3 f5 21.b4 e5 22.dxe5 
Qxe5 23.f4 Qc7 24.Qe3 Rfd8 25.Rfd1 g5 26.fxg5 f4 27.Qc5 Qxc5+ 28.bxc5 Kg6 
29.h4 Kf5 30.b4 e3 31.Nf3 Be4 32.Rd4 Rxd4 33.Nxd4+ Kg4 34.Nxb5 Kg3 35.Nd6 
Bxg2 36.Nf5+ Kh3 37.g6 Rf8 38.g7 Rxf5 39.g8=Q f3 40.Qxg2+ fxg2 0-1

[Event "45th POL-ch"]
[Site "Lublin POL"]
[Date "1988.??.??"]
[Round "14"]
[White "Schmidt, Wlodzimierz"]
[Black "Jasnikowski, Zbigniew"]
[Result "1-0"]
[WhiteElo "2440"]
[BlackElo "2445"]
[EventDate "1988.02.27"]
[PlyCount "81"]

1.Nf3 Nf6 2.c4 g6 3.g3 Bg7 4.d4 O-O 5.Bg2 d5 6.cxd5 Nxd5 7.O-O c5 8.dxc5 
Na6 9.Ng5 Ndb4 10.Nc3 h6 11.Nf3 Be6 12.Be3 Qxd1 13.Rfxd1 Nc2 14.Rac1 Nxe3 
15.fxe3 Nxc5 16.b4 Na6 17.a3 Nc7 18.Nd4 Rab8 19.Nxe6 Nxe6 20.Nd5 Rfe8 21.
Nc7 Rec8 22.Nxe6 Rxc1 23.Rxc1 fxe6 24.Rc7 Kf7 25.Bxb7 Bb2 26.a4 Ba3 27.b5 
Bd6 28.Rd7 Bc5 29.a5 Bb4 30.b6 a6 31.Bxa6 Bxa5 32.b7 Bb6 33.Kf2 Ba7 34.Rc7
Kf6 35.Kf3 Ke5 36.Rc8 g5 37.Kg4 Kf6 38.Kh5 Kg7 39.h3 e5 40.e4 Kh7 41.Rc7 
1-0

[Event "45th POL-ch"]
[Site "Lublin POL"]
[Date "1988.??.??"]
[Round "14"]
[White "Stempin, Pawel"]
[Black "Staniszewski, Piotr"]
[Result "1/2-1/2"]
[WhiteElo "2450"]
[BlackElo "2440"]
[EventDate "1988.02.27"]
[PlyCount "106"]

1.d4 Nf6 2.Nf3 e6 3.c4 b6 4.g3 Bb7 5.Bg2 Be7 6.Nc3 O-O 7.Qc2 Bb4 8.O-O 
Bxc3 9.Qxc3 d6 10.b3 Nbd7 11.Bb2 Be4 12.Rad1 c6 13.Rfe1 d5 14.Bf1 Qe7 15.
Nd2 Bg6 16.Bg2 Rac8 17.e4 dxe4 18.Nxe4 Bxe4 19.Bxe4 Nxe4 20.Rxe4 Nf6 21.
Re2 Rfd8 22.Qf3 Rd7 23.Re3 b5 24.Kg2 bxc4 25.bxc4 Qb4 26.Qe2 Qb7 27.Rb3 
Qa6 28.Ra3 Qb7 29.Rf3 Ne8 30.Ba3 Nd6 31.Bc5 h6 32.Ra3 Qb8 33.Rb3 Qa8 34.
Rdb1 Rcd8 35.h4 Qc8 36.g4 h5 37.Rb8 Qxb8 38.Rxb8 Rxb8 39.Qe5 Rbd8 40.Qxh5 
Nxc4 41.Qg5 Nd6 42.Qf4 Nb5 43.h5 Nc3 44.Qf3 Nd5 45.Qb3 Nf4+ 46.Kh2 Ne2 47.
Qe3 Nxd4 48.h6 e5 49.hxg7 Ne6 50.Bf8 Nxf8 51.gxf8=R+ Kxf8 52.Qh6+ Ke7 53.
Qxc6 f6 1/2-1/2

[Event "45th POL-ch"]
[Site "Lublin POL"]
[Date "1988.??.??"]
[Round "15"]
[White "Jasnikowski, Zbigniew"]
[Black "Kuczynski, Robert"]
[Result "0-1"]
[WhiteElo "2445"]
[BlackElo "2485"]
[EventDate "1988.02.27"]
[PlyCount "80"]

1.d4 d5 2.c4 e6 3.Nf3 c6 4.Nc3 Nf6 5.Bg5 Nbd7 6.cxd5 exd5 7.e3 Be7 8.Qc2 
O-O 9.Bd3 Re8 10.O-O Nf8 11.Rae1 g6 12.Ne5 Ne6 13.f4 Ng7 14.Ne2 Nf5 15.Ng3
Nxg3 16.hxg3 Ne4 17.Bxe4 dxe4 18.Bxe7 Qxe7 19.a3 f6 20.Nc4 Be6 21.Rc1 Bd5 
22.b4 Kg7 23.Qe2 Rad8 24.Rc3 Rh8 25.Rfc1 h5 26.Nd2 a6 27.Nf1 Be6 28.Rc5 h4
29.g4 h3 30.g3 h2+ 31.Nxh2 Rh3 32.Kg2 Rdh8 33.Rh1 Qd7 34.Rcc1 Kg8 35.d5 
Qh7 36.Kg1 Rxg3+ 37.Kf2 Qh3 38.Rcg1 Rxg1 39.Kxg1 Qg3+ 40.Kf1 Bxd5 0-1

[Event "45th POL-ch"]
[Site "Lublin POL"]
[Date "1988.??.??"]
[Round "15"]
[White "Matlak, Marek"]
[Black "Stempin, Pawel"]
[Result "1-0"]
[WhiteElo "2410"]
[BlackElo "2450"]
[EventDate "1988.02.27"]
[PlyCount "146"]

1.d4 Nf6 2.Nf3 e6 3.c4 b6 4.g3 Ba6 5.Qa4 c6 6.Nc3 d5 7.cxd5 b5 8.Qb3 exd5 
9.Bg2 Be7 10.a3 O-O 11.O-O Nbd7 12.Qc2 Re8 13.Bf4 Bb7 14.Na2 Qb6 15.Nb4 a5
16.Nd3 Ne4 17.Bh3 Ndf6 18.Nfe5 b4 19.axb4 axb4 20.Qb3 Rxa1 21.Rxa1 Bc8 22.
Bf1 Bb7 23.Ra4 h6 24.Be3 Ba6 25.Ra1 Bd6 26.Qa4 Bb5 27.Qa7 Qxa7 28.Rxa7 Re7
29.Rxe7 Bxe7 30.f3 Ng5 31.Bd2 Ne6 32.e3 b3 33.Nc1 Ba4 34.Ned3 Nd7 35.Be2 
c5 36.dxc5 Ndxc5 37.Nxc5 Bxc5 38.Bd1 d4 39.Kf2 dxe3+ 40.Bxe3 Nd4 41.Ne2 
Nxe2 42.Bxe2 Bb4 43.Bd4 f6 44.Bc4+ Kf8 45.Ke3 Ke7 46.Kd3 Kd6 47.f4 Kc6 48.
Ke4 Kd6 49.Kf5 Ke7 50.Kg6 Kf8 51.Kh7 Be7 52.g4 Bd7 53.h3 h5 54.f5 hxg4 55.
hxg4 Be8 56.Bxb3 Bc6 57.Be6 Be4 58.Kg6 Bd3 59.Bc3 Be4 60.b4 Bd3 61.Bd7 Bc4
62.b5 Bc5 63.Ba5 Be2 64.b6 Ke7 65.Bc8 Bd6 66.b7 Bb8 67.Bb4+ Kd8 68.Kxg7 
Bxg4 69.Kxf6 Bf3 70.Ba5+ Ke8 71.Ke6 Bh5 72.Bd7+ Kf8 73.Bb4+ Kg8 1-0

[Event "45th POL-ch"]
[Site "Lublin POL"]
[Date "1988.??.??"]
[Round "15"]
[White "Panczyk, Krzysztof"]
[Black "Sznapik, Aleksander"]
[Result "0-1"]
[WhiteElo "2435"]
[BlackElo "2480"]
[EventDate "1988.02.27"]
[PlyCount "132"]

1.d4 Nf6 2.Nf3 g6 3.c4 Bg7 4.g3 O-O 5.Bg2 d6 6.O-O Nbd7 7.Qc2 e5 8.Rd1 Qe7
9.e4 c6 10.dxe5 dxe5 11.Nc3 Nb6 12.b3 Bg4 13.a4 Rfd8 14.Ba3 Qe8 15.h3 Bxf3
16.Bxf3 Nbd7 17.Ne2 Nf8 18.Bb2 Ne6 19.Bg2 Nd7 20.a5 Bf8 21.f4 Bc5+ 22.Kh1 
Qe7 23.f5 Nc7 24.Ng1 f6 25.Nf3 Nf8 26.Qe2 Rxd1+ 27.Rxd1 Rd8 28.g4 g5 29.
Bc3 Na6 30.Qe1 Rxd1 31.Qxd1 Bb4 32.Bxb4 Nxb4 33.Qd2 Na6 34.Ne1 Qd7 35.Qe3 
Qd1 36.Kh2 Nb4 37.Nf3 Nd3 38.Qxa7 Qxb3 39.Qe3 Qxc4 40.Bf1 Qc2+ 41.Qd2 
Qxd2+ 42.Nxd2 Nc5 43.Nc4 Nfd7 44.Nd6 Kf8 45.Kg2 Ke7 46.Nc8+ Kd8 47.Nd6 Kc7
48.Ne8+ Kb8 49.Kf3 Nb3 50.h4 h6 51.h5 Nxa5 52.Nd6 Kc7 53.Nf7 Nf8 54.Nxh6 
Kd7 55.Nf7 b5 56.Ke3 Nb3 57.Bd3 Nd4 58.Kd2 c5 59.Kc3 c4 60.Bb1 Nc6 61.h6 
Nh7 62.Ba2 Ke7 63.Nh8 Kd6 64.Nf7+ Kc5 65.Bb1 b4+ 66.Kd2 Nf8 0-1

[Event "45th POL-ch"]
[Site "Lublin POL"]
[Date "1988.??.??"]
[Round "15"]
[White "Szopka, Dariusz"]
[Black "Schmidt, Wlodzimierz"]
[Result "1/2-1/2"]
[WhiteElo "2295"]
[BlackElo "2440"]
[EventDate "1988.02.27"]
[PlyCount "83"]

1.e4 e6 2.d4 d5 3.Nc3 Bb4 4.a3 Bxc3+ 5.bxc3 dxe4 6.Qg4 Nf6 7.Qxg7 Rg8 8.
Qh6 Rg6 9.Qh4 c5 10.Bb5+ Bd7 11.Bxd7+ Nbxd7 12.Ne2 Qc7 13.Bf4 Qc6 14.O-O 
O-O-O 15.Be5 Rdg8 16.Ng3 Nxe5 17.dxe5 Ng4 18.Rae1 Rh6 19.Qe7 Nxh2 20.Qxf7 
Qe8 21.Qf4 Qg6 22.Rd1 Nxf1 23.Kxf1 Qg4 24.Qd2 Rh1+ 25.Nxh1 Qxg2+ 26.Ke2 
Qf3+ 27.Kf1 Qxh1+ 28.Ke2 Qf3+ 29.Kf1 a6 30.Qd6 Rf8 31.Qxc5+ Kb8 32.Rd7 Ka8
33.Qd4 e3 34.Rd8+ Rxd8 35.Qxd8+ Ka7 36.Qd4+ Kb8 37.Qd8+ Ka7 38.Qd4+ b6 39.
Qd7+ Ka8 40.Qc8+ Ka7 41.Qd7+ Ka8 42.Qc8+ 1/2-1/2

[Event "45th POL-ch"]
[Site "Lublin POL"]
[Date "1988.??.??"]
[Round "15"]
[White "Tomaszewski, Roman"]
[Black "Bany, Jerzy"]
[Result "1/2-1/2"]
[WhiteElo "2370"]
[BlackElo "2450"]
[EventDate "1988.02.27"]
[PlyCount "56"]

1.d4 e6 2.Nf3 f5 3.g3 Nf6 4.Bg2 d5 5.c4 c6 6.O-O Bd6 7.Bf4 Bxf4 8.gxf4 O-O
9.Ne5 Bd7 10.Qb3 Qb6 11.Nc3 Be8 12.Qxb6 axb6 13.a3 Bh5 14.Rfe1 Nbd7 15.
cxd5 exd5 16.f3 Rad8 17.e3 Bf7 18.Bf1 Be6 19.Kf2 Ra8 20.a4 Ne8 21.Nxd7 
Bxd7 22.Ra3 Nd6 23.Rb3 Nc8 24.Rd1 Rf6 25.Ra1 Ra5 26.Rba3 Nd6 27.Rb3 Nc8 
28.Rba3 Nd6 1/2-1/2

[Event "45th POL-ch"]
[Site "Lublin POL"]
[Date "1988.??.??"]
[Round "15"]
[White "Twardon, Marian"]
[Black "Hawelko, Marek"]
[Result "0-1"]
[WhiteElo "2350"]
[BlackElo "2385"]
[EventDate "1988.02.27"]
[PlyCount "86"]

1.d4 Nf6 2.c4 e6 3.Nf3 b6 4.a3 Bb7 5.Nc3 d5 6.cxd5 Nxd5 7.Qc2 Be7 8.e4 
Nxc3 9.bxc3 O-O 10.Bd3 c5 11.O-O Qc8 12.Qe2 Ba6 13.Bf4 Bxd3 14.Qxd3 Nd7 
15.a4 a6 16.Rfe1 cxd4 17.cxd4 Qb7 18.Rab1 Rac8 19.Qb3 Rfd8 20.Ne5 a5 21.
Nc4 Bb4 22.Nd6 Qb8 23.Nxc8 Qxf4 24.Rec1 Nf6 25.Qf3 Qb8 26.e5 Nd5 27.Nd6 
Bxd6 28.exd6 Qxd6 29.Rc4 g6 30.g3 Rd7 31.Rbc1 Rd8 32.Qe4 Qd7 33.Qe5 Nb4 
34.h4 Nd3 35.Qe4 Nxc1 36.Rxc1 Qxd4 37.Qc6 h5 38.Re1 Rd6 39.Qb7 Kg7 40.Rc1 
Rd7 41.Qb8 Rd8 42.Qb7 Rd5 43.Rc6 Qe4 0-1